000 00591nam a2200229Ia 4500
005 20260429112307.0
008 260429s9999||||xx |||||||||||||| ||und||
020 _a9781552096246
041 _aEnglish
082 _a635.7
_bLIM
100 _aLima, Patrick
245 0 _aComplete gardener's guide herbs /
_cPatrick Lima
260 _aNew York :
_bFirefly Books,
_c2001.
300 _a222 p.; pbk
650 _a Gardening
650 _a Herb gardening
650 _a Horticulture
650 _a Kitchen gardening
650 _a Medicinal plants
650 _aHerbs
942 _cTB
999 _c53350
_d53350